Top 10 państw europejskich z najniższym średnim wiekiem aut - Statystyki

Ogólne statystyki
  • Ten quiz został rozwiązany 50 razy
    23 od ostatniego zresetowania
  • Średni wynik to 6 z 10
Statystyki odpowiedzi
Średni wiek Kraj % Poprawnych
9,8 Niemcy
88%
10,3 Francja
71%
10,7 Norwegia
71%
8,5 Austria
65%
8,6 Irlandia
65%
8,9 Dania
53%
9 Szwajcaria
53%
10,2 Szwecja
53%
9,2 Belgia
41%
9,4 Anglia
29%
Nie znaleziono quizów pasujących do podanych kryteriów
Rozkład punktacji
Procent ludzi z każdym wynikiem
Percentyl według liczby udzielonych odpowiedzi
Twoja historia wyników
Nie rozwiązałeś tego quizu od ostatniego zresetowania